Biggest Cities of England before the Hundred Years' War on a Map - Statistics

General Stats
  • This quiz has been taken 577 times
  • The average score is 24 of 50
Answers on the Map
Answers color-coded by a green-red scale on the quiz's map according to % correct below.
 
Answer Stats
Population City % Correct
70,000 London
99%
11,000 Donbelin (Dublin)
96%
22,700 Yorke (York)
91%
14,400 Bristowe (Bristol)
87%
9,900 Nouum Castrum (Newcastle upon Tyne)
86%
30,000 Bordeu (Bordeaux)
84%
3,500 Corch (Cork)
84%
9,800 Oxineford (Oxford)
83%
6,900 Cauntebrege (Cambridge)
80%
14,000 Norwich
79%
3,800 Plummuth (Plymouth)
75%
4,200 Notyngham (Nottingham)
72%
12,300 Lincoln
69%
5,400 Legrecestre (Leicester)
68%
8,800 Caunterbury (Canterbury)
67%
3,800 Kyngeston uppon Hulle (Kingston upon Hull)
67%
9,500 Wyncestre (Winchester)
65%
7,200 Glowcestre (Gloucester)
62%
3,300 Cestre (Chester)
61%
3,700 Eccestre (Exeter)
61%
5,300 Yepeswych (Ipswich)
61%
3,500 Laymerich (Limerick)
60%
9,500 Covingtre (Coventry)
58%
5,000 Gataforda (Waterford)
56%
3,700 Wircestre (Worcester)
51%
4,200 Norhamptoun (Northampton)
50%
3,500 Colecestre (Colchester)
47%
5,500 Hereford
45%
5,700 Salopesbury (Shrewsbury)
41%
7,700 Salesbery (Salisbury)
38%
6,200 Botulfeston (Boston)
35%
7,000 Jernemuth (Great Yarmouth)
35%
6,900 Lenne (King's Lynn)
35%
6,500 Scareburgh (Scarborough)
33%
3,500 Elye (Ely)
31%
5,000 Baionne (Bayonne)
28%
5,800 Bery (Bury St Edmunds)
26%
4,500 Kylkenni (Kilkenny)
26%
3,500 Drowdaa (Drogheda)
20%
6,500 Beuerley (Beverley)
18%
4,500 Stamford
14%
5,000 Abbisville (Abbeville)
11%
3,300 Ludlowe (Ludlow)
11%
8,000 Pereguers (Périgueux)
11%
4,000 Tarbé (Tarbes)
11%
4,000 Xainctes (Saintes)
10%
3,400 Sudbery (Sudbury)
9%
3,300 Berkynges (Barking)
8%
3,500 Rois (New Ross)
8%
5,000 Bagneris (Bagnères-de-Bigorre)
4%
No matching quizzes found
Score Distribution
Percent of People with Each Score
Percentile by Number Answered
Your Score History
You have not taken this quiz